000 00326 a2200109 4500
001 ART_14782
005 20260410161913.0
008 260409a
245 1 0 _aDirect versus indirect Pigovian taxation
100 1 _aSandmo, Agnar
773 0 _tEuropean economic review
_g- Vol. 7, NÂș 4 (may. 1976)
_wREV13346
999 _c27031
_d27031